MARC details
| 000 -LEADER |
| fixed length control field |
03601cam a2200829 i 4500 |
| 001 - CONTROL NUMBER |
| control field |
ocn989964120 |
| 003 - CONTROL NUMBER IDENTIFIER |
| control field |
OCoLC |
| 005 - DATE AND TIME OF LATEST TRANSACTION |
| control field |
20200320212353.0 |
| 008 - FIXED-LENGTH DATA ELEMENTS--GENERAL INFORMATION |
| fixed length control field |
180104s2018 nyua b 000 1 eng |
| 010 ## - LIBRARY OF CONGRESS CONTROL NUMBER |
| LC control number |
2018000335 |
| 019 ## - |
| -- |
1023434696 |
| -- |
1023434937 |
| 020 ## - INTERNATIONAL STANDARD BOOK NUMBER |
| International Standard Book Number |
9781534409170 |
| Qualifying information |
(hardback) |
| 020 ## - INTERNATIONAL STANDARD BOOK NUMBER |
| International Standard Book Number |
1534409173 |
| 020 ## - INTERNATIONAL STANDARD BOOK NUMBER |
| Terms of availability |
17.99 |
| 035 ## - SYSTEM CONTROL NUMBER |
| System control number |
(OCoLC)989964120 |
| Canceled/invalid control number |
(OCoLC)1023434696 |
| -- |
(OCoLC)1023434937 |
| 040 ## - CATALOGING SOURCE |
| Original cataloging agency |
DLC |
| Language of cataloging |
eng |
| Description conventions |
rda |
| Transcribing agency |
DLC |
| Modifying agency |
XH5 |
| -- |
UAP |
| -- |
TXLBH |
| -- |
ILC |
| -- |
TJZ |
| -- |
OCLCF |
| -- |
NYP |
| -- |
BKL |
| -- |
IS# |
| -- |
CPCBT |
| -- |
EHH |
| -- |
DLC |
| -- |
WACOL |
| 042 ## - AUTHENTICATION CODE |
| Authentication code |
lcac |
| -- |
pcc |
| 049 ## - LOCAL HOLDINGS (OCLC) |
| Holding library |
WACL |
| 050 00 - LIBRARY OF CONGRESS CALL NUMBER |
| Classification number |
PZ7.G77577 |
| Item number |
Ol 2018 |
| 082 00 - DEWEY DECIMAL CLASSIFICATION NUMBER |
| Classification number |
[E] |
| Edition number |
23 |
| 084 ## - OTHER CLASSIFICATION NUMBER |
| Classification number |
JUV002000 |
| -- |
JUV048000 |
| -- |
JUV039100 |
| Source of number |
bisacsh |
| 092 ## - LOCALLY ASSIGNED DEWEY CALL NUMBER (OCLC) |
| Classification number |
E |
| Item number |
Gra |
| 100 1# - MAIN ENTRY--PERSONAL NAME |
| Personal name |
Gravett, Emily, |
| Relator term |
author, |
| -- |
illustrator. |
| 9 (RLIN) |
54861 |
| 245 10 - TITLE STATEMENT |
| Title |
Old hat / |
| Statement of responsibility, etc |
Emily Gravett. |
| 250 ## - EDITION STATEMENT |
| Edition statement |
First US edition. |
| 264 #1 - Production, Publication, Distribution, Manufacture, and Copyright Notice. |
| Place of production, publication, distribution, manufacture |
New York : |
| Name of producer, publisher, distributor, manufacturer |
Simon & Schuster Books for Young Readers, |
| Date of production, publication, distribution, manufacture, or copyr |
2018. |
| 300 ## - PHYSICAL DESCRIPTION |
| Extent |
1 volume (unpaged) : |
| Other physical details |
color illustrations ; |
| Dimensions |
27 cm |
| 336 ## - Content Type |
| Content type term |
text |
| 336 ## - Content Type |
| Content type term |
still image |
| 337 ## - Media type |
| Media type term |
unmediated |
| 338 ## - Carrier type |
| Carrier type term |
volume |
| 500 ## - GENERAL NOTE |
| General note |
"Originally published in Great Britain in 2017 by Macmillan Children's Books"--Copyright page. |
| 521 1# - TARGET AUDIENCE NOTE |
| Target audience note |
Ages 4-8. |
| 520 ## - SUMMARY, ETC. |
| Summary, etc |
After buying one outrageous hat after another in an attempt to keep up with the latest fashions set by his teasing animal friends, Harbet the dog learns that true happiness comes from being yourself. |
| 650 #1 - SUBJECT ADDED ENTRY--TOPICAL TERM |
| Topical term or geographic name as entry element |
Individuality |
| Form subdivision |
Fiction. |
| 9 (RLIN) |
5674497 |
| 650 #1 - SUBJECT ADDED ENTRY--TOPICAL TERM |
| Topical term or geographic name as entry element |
Peer pressure |
| Form subdivision |
Fiction. |
| 9 (RLIN) |
5974805 |
| 650 #1 - SUBJECT ADDED ENTRY--TOPICAL TERM |
| Topical term or geographic name as entry element |
Hats |
| Form subdivision |
Fiction. |
| 9 (RLIN) |
5704679 |
| 650 #1 - SUBJECT ADDED ENTRY--TOPICAL TERM |
| Topical term or geographic name as entry element |
Dogs |
| Form subdivision |
Fiction. |
| 9 (RLIN) |
5674795 |
| 650 #1 - SUBJECT ADDED ENTRY--TOPICAL TERM |
| Topical term or geographic name as entry element |
Animals |
| Form subdivision |
Fiction. |
| 9 (RLIN) |
5678722 |
| 650 #7 - SUBJECT ADDED ENTRY--TOPICAL TERM |
| Topical term or geographic name as entry element |
JUVENILE FICTION / Animals / General. |
| Source of heading or term |
bisacsh |
| 9 (RLIN) |
5700116 |
| 650 #7 - SUBJECT ADDED ENTRY--TOPICAL TERM |
| Topical term or geographic name as entry element |
JUVENILE FICTION / Clothing & Dress. |
| Source of heading or term |
bisacsh |
| 9 (RLIN) |
5751815 |
| 650 #7 - SUBJECT ADDED ENTRY--TOPICAL TERM |
| Topical term or geographic name as entry element |
JUVENILE FICTION / Social Issues / Peer Pressure. |
| Source of heading or term |
bisacsh |
| 9 (RLIN) |
5889129 |
| 650 #0 - SUBJECT ADDED ENTRY--TOPICAL TERM |
| Topical term or geographic name as entry element |
Individuality |
| Form subdivision |
Juvenile fiction. |
| 9 (RLIN) |
5675473 |
| 650 #0 - SUBJECT ADDED ENTRY--TOPICAL TERM |
| Topical term or geographic name as entry element |
Peer pressure |
| Form subdivision |
Juvenile fiction. |
| 9 (RLIN) |
5974806 |
| 650 #0 - SUBJECT ADDED ENTRY--TOPICAL TERM |
| Topical term or geographic name as entry element |
Fads |
| Form subdivision |
Juvenile fiction. |
| 9 (RLIN) |
5974807 |
| 650 #0 - SUBJECT ADDED ENTRY--TOPICAL TERM |
| Topical term or geographic name as entry element |
Hats |
| Form subdivision |
Juvenile fiction. |
| 9 (RLIN) |
5679249 |
| 650 #0 - SUBJECT ADDED ENTRY--TOPICAL TERM |
| Topical term or geographic name as entry element |
Dogs |
| Form subdivision |
Juvenile fiction. |
| 9 (RLIN) |
5674840 |
| 650 #0 - SUBJECT ADDED ENTRY--TOPICAL TERM |
| Topical term or geographic name as entry element |
Animals |
| Form subdivision |
Juvenile fiction. |
| 9 (RLIN) |
5678723 |
| 650 #7 - SUBJECT ADDED ENTRY--TOPICAL TERM |
| Topical term or geographic name as entry element |
Animals. |
| Source of heading or term |
fast |
| -- |
(OCoLC)fst00809468 |
| 9 (RLIN) |
5974808 |
| 650 #7 - SUBJECT ADDED ENTRY--TOPICAL TERM |
| Topical term or geographic name as entry element |
Dogs. |
| Source of heading or term |
fast |
| -- |
(OCoLC)fst00896265 |
| 9 (RLIN) |
5974809 |
| 650 #7 - SUBJECT ADDED ENTRY--TOPICAL TERM |
| Topical term or geographic name as entry element |
Fads. |
| Source of heading or term |
fast |
| -- |
(OCoLC)fst00919810 |
| 9 (RLIN) |
5974810 |
| 650 #7 - SUBJECT ADDED ENTRY--TOPICAL TERM |
| Topical term or geographic name as entry element |
Hats. |
| Source of heading or term |
fast |
| -- |
(OCoLC)fst00951903 |
| 9 (RLIN) |
5974811 |
| 650 #7 - SUBJECT ADDED ENTRY--TOPICAL TERM |
| Topical term or geographic name as entry element |
Individuality. |
| Source of heading or term |
fast |
| -- |
(OCoLC)fst00970343 |
| 9 (RLIN) |
5974812 |
| 650 #7 - SUBJECT ADDED ENTRY--TOPICAL TERM |
| Topical term or geographic name as entry element |
Peer pressure. |
| Source of heading or term |
fast |
| -- |
(OCoLC)fst01056583 |
| 9 (RLIN) |
5974813 |
| 650 #4 - SUBJECT ADDED ENTRY--TOPICAL TERM |
| Topical term or geographic name as entry element |
Hats |
| Form subdivision |
Juvenile fiction. |
| 9 (RLIN) |
5679249 |
| 650 #4 - SUBJECT ADDED ENTRY--TOPICAL TERM |
| Topical term or geographic name as entry element |
Peer pressure |
| Form subdivision |
Juvenile fiction. |
| 9 (RLIN) |
5974806 |
| 650 #4 - SUBJECT ADDED ENTRY--TOPICAL TERM |
| Topical term or geographic name as entry element |
Animals |
| Form subdivision |
Juvenile fiction. |
| 9 (RLIN) |
5678723 |
| 650 #4 - SUBJECT ADDED ENTRY--TOPICAL TERM |
| Topical term or geographic name as entry element |
Dogs |
| General subdivision |
Juvenile fiction. |
| 9 (RLIN) |
5974814 |
| 655 #7 - INDEX TERM--GENRE/FORM |
| Genre/form data or focus term |
Fiction. |
| Source of term |
fast |
| -- |
(OCoLC)fst01423787 |
| 9 (RLIN) |
5673940 |
| 655 #7 - INDEX TERM--GENRE/FORM |
| Genre/form data or focus term |
Juvenile works. |
| Source of term |
fast |
| -- |
(OCoLC)fst01411637 |
| 9 (RLIN) |
5673941 |
| 655 #7 - INDEX TERM--GENRE/FORM |
| Genre/form data or focus term |
Picture books. |
| Source of term |
fast |
| -- |
(OCoLC)fst01726789 |
| 9 (RLIN) |
5684358 |
| 655 #7 - INDEX TERM--GENRE/FORM |
| Genre/form data or focus term |
Picture books. |
| Source of term |
lcgft |
| 9 (RLIN) |
5684358 |
| 938 ## - |
| -- |
YBP Library Services |
| -- |
YANK |
| -- |
14553507 |
| 938 ## - |
| -- |
Children's Plus, Inc. |
| -- |
CHIL |
| -- |
2048882 |
| 938 ## - |
| -- |
Baker and Taylor |
| -- |
BTCP |
| -- |
BK0020911171 |
| 938 ## - |
| -- |
Brodart |
| -- |
BROD |
| -- |
120263890 |
| 942 ## - ADDED ENTRY ELEMENTS (KOHA) |
| Koha item type |
BOOK |
| 948 ## - LOCAL PROCESSING INFORMATION (OCLC); SERIES PART DESIGNATOR (RLIN) |
| Series part designator, SPT (RLIN) |
07/18/2018 |
| z (OCLC) |
Sirsi |
| 994 ## - |
| -- |
C0 |
| -- |
WACOL |
| 996 ## - |
| -- |
151294 |
| -- |
34301001555533 |
| -- |
E |
| -- |
bk |
| -- |
wcl |
| -- |
o |
| -- |
23 |
| -- |
17.99 |
| -- |
amazon |
| -- |
Gra |
| -- |
07/18/2018 |
| -- |
02/18/2020 |
| -- |
03/16/2020 |
| 996 ## - |
| -- |
151294 |
| -- |
34301001570144 |
| -- |
E |
| -- |
bk |
| -- |
wcl |
| -- |
i |
| -- |
13 |
| -- |
17.99 |
| -- |
utahstatelibrary |
| -- |
Gra |
| -- |
11/19/2018 |
| -- |
02/11/2020 |
| -- |
01/29/2020 |